00438nam a22001572 4500001001100000005001700011008004100028020002800069040001500097100003500112245002600147250001200173260004200185300001500227650003800242000000614120151217145830.0070920s xx 000 0 eng d a0070647771 :cKES 2,400 aKABUcKABU1 aSchach, Stephen R.@000015455410aSoftware engineering. a7th ed. aNew Delhi :bTata McGraw-Hill,c2007. axxi,618 p. 0aSoftware engineering.@0000154311